000 00492nam a2200181 a 4500
001 6684
003 CO-ViMGA
008 141112s2004 ck r 000 u spa d
040 _aCO-ViMGA
_bspa
_cCO-ViMGA
082 0 4 _a633.16 G659
100 1 _aGonzález Alquinzones, Ubaldo
_95581
245 1 0 _aEl maíz y su conservación
260 _aMexico :
_bTrillas,
_c1995
300 _a399 p : il
650 1 4 _aMAIZ - CULTIVO
_95582
650 1 4 _aMAIZ - ENFERMEDADES Y PLAGAS
_95583
942 _2ddc
_cBK
999 _c18653
_d18653